Home information pack (Record no. 120593)
[ view plain ]
| 000 -LEADER | |
|---|---|
| fixed length control field | 01748cai a22002295a 4500 |
| 001 - CONTROL NUMBER | |
| control field | L137620 |
| 008 - FIXED-LENGTH DATA ELEMENTS--GENERAL INFORMATION | |
| fixed length control field | 070420u xxk g f001 0 eng d |
| 035 ## - SYSTEM CONTROL NUMBER | |
| System control number | (Sirsi) u137620 |
| 041 0# - LANGUAGE CODE | |
| Language code of text/sound track or separate title | eng |
| 110 1# - MAIN ENTRY--CORPORATE NAME | |
| Corporate name or jurisdiction name as entry element | United Kingdom |
| Subordinate unit | Central Office of Information |
| -- | DirectGov |
| 9 (RLIN) | 5169 |
| 245 00 - TITLE STATEMENT | |
| Title | Home information pack |
| 520 ## - SUMMARY, ETC. | |
| Summary, etc. | Contains information for industry and consumer sectors. Details the required and optional contents of HIPs. Describes the revised regulations for HIPs and EPCs. Explains the current state of the phasing-in process. Explains Energy Performance Certificates in detail and the subsidies obtainable before the 1 August introduction of HIPs for 4-bedroom properties. A Regulatory Impact Assessment is published herein. Sections are targeted at buyers, sellers, estate agents and auctioneers, solicitors and conveyancers, home inspectors, energy assessors, lenders, housing developers, landlords and housing associations, managing agents and local authorities and HIP providers. Contains a news section and offers an email newsletter. Also includes procedural guidance for property professionals, an asset rating template for EPCs and the approved methodologies for calculating and expressing the Energy Performance of buildings. |
| 590 ## - LOCAL NOTE (RLIN) | |
| Local note | KA |
| 650 24 - SUBJECT ADDED ENTRY--TOPICAL TERM | |
| Topical term or geographic name entry element | HOME INFORMATION PACKS |
| 650 24 - SUBJECT ADDED ENTRY--TOPICAL TERM | |
| Topical term or geographic name entry element | ENERGY PERFORMANCE CERTIFICATES |
| 650 24 - SUBJECT ADDED ENTRY--TOPICAL TERM | |
| Topical term or geographic name entry element | HOUSING ACT 2004 PART V |
| 651 #4 - SUBJECT ADDED ENTRY--GEOGRAPHIC NAME | |
| Geographic name | England and Wales |
| Chronological subdivision | 1543- |
| 690 ## - LOCAL SUBJECT ADDED ENTRY--TOPICAL TERM (OCLC, RLIN) | |
| Topical term or geographic name as entry element | PROPERTY-RESIDENTIAL PROPERTY-ACQUISITION AND DISPOSAL OF RESIDENTIAL PROPERTY |
| 710 1# - ADDED ENTRY--CORPORATE NAME | |
| Corporate name or jurisdiction name as entry element | United Kingdom |
| Subordinate unit | Department for Communities and Local Government |
| 9 (RLIN) | 4939 |
| 856 40 - ELECTRONIC LOCATION AND ACCESS | |
| Uniform Resource Identifier | <a href="https://www.homeinformationpacks.gov.uk">https://www.homeinformationpacks.gov.uk</a> |
| Public note | View the website free of charge at www.homeinformationpacks.gov.uk... |
| 942 ## - ADDED ENTRY ELEMENTS (KOHA) | |
| Suppress in OPAC | 0 |
| Withdrawn status | Lost status | Source of classification or shelving scheme | Damaged status | Not for loan | Home library | Current library | Shelving location | Date acquired | Total Checkouts | Full call number | Barcode | Date last seen | Copy number | Price effective from | Koha item type |
|---|---|---|---|---|---|---|---|---|---|---|---|---|---|---|---|
| Dewey Decimal Classification | Virtual | Virtual | Online | 20/04/2007 | WEB-SITE | 137620-1001 | 06/08/2019 | 1 | 06/08/2019 | Online material |